| 000 | 00521nam a2200181 a 4500 | ||
|---|---|---|---|
| 001 | 1025 | ||
| 003 | CDMR | ||
| 005 | 20131104122237.0 | ||
| 008 | 130130s1960||||||||||||||||||||||||||||d | ||
| 040 |
_aCDMR _bcat _cCDMR |
||
| 100 | 1 |
_aMcCloskey, James _9808 |
|
| 245 | 1 | 3 |
_aEl periodismo industrial _cJames McCloskey ; traducción directa de José Mª Espiás Masip |
| 260 |
_aBarcelona _c1960 _bZeus |
||
| 300 | _a405 p. | ||
| 650 | 0 | 4 |
_92798 _aComunicació en l'empresa |
| 650 | 0 | 4 |
_91819 _aRevistes d'empresa |
| 942 |
_cMON _2udc |
||
| 999 |
_c1025 _d1025 |
||